00394nam a2200121Ia 4500008004100000100002100041245002700062245002300089260000900112856005900121999001900180952007300199160531s9999 xx 000 0 und d aNtuli, Tobias M. aApoptosis and Medicine cby Tobias M. Ntuli c2012 uhttp://www.intechopen.com/books/apoptosis-and-medicine c295475d295475 001040aCLbCLd2016-05-31l0r2016-05-31 00:00:00w2016-05-31yCBE